[Event "Baden-ch U14"]
[Site "Karlsruhe"]
[Date "2014.01.02"]
[Round "1"]
[White "Dehm, David"]
[Black "Raitor, Sven"]
[Result "0-1"]
[WhiteElo "1557"]
[BlackElo "1199"]
[PlyCount "47"]
[EventDate "2014.01.??"]
[EventType "swiss"]
[EventRounds "7"]
[EventCountry "GER"]
[SourceTitle "EXT 2022"]
[Source "ChessBase"]
[SourceDate "2021.10.06"]
[SourceVersion "1"]
[SourceVersionDate "2021.10.06"]
[SourceQuality "1"]

1. e4 e5 2. Nf3 d6 3. Nc3 Nf6 4. Bc4 Bg4 5. d3 c6 6. Bb3 Nbd7 7. Nb1 h6 8. Nbd2 a5 9. c3 Nc5 10. Qc2 a4 11. Bc4 b5 12. Bxf7+ Kxf7 13. d4 exd4 14. cxd4 Bxf3 15. gxf3 Ne6 16. Qc3 d5 17. e5 Nd7 18. Qxc6 Nb6 19. Qc3 g6 20. Rg1 b4 21. Qd3 Nf4 22. Qe3 g5 23. Kd1 Rc8 24. a3 0-1

[Event "Baden-ch U12"]
[Site "Karlsruhe"]
[Date "2012.01.05"]
[Round "6"]
[White "Toptschiev, David"]
[Black "Dehm, David"]
[Result "1/2-1/2"]
[WhiteElo "1215"]
[BlackElo "1099"]
[PlyCount "81"]
[EventDate "2012.01.03"]
[EventType "swiss"]
[EventRounds "7"]
[EventCountry "GER"]
[SourceTitle "EXT 2015"]
[Source "ChessBase"]
[SourceDate "2014.11.20"]
[SourceVersion "1"]
[SourceVersionDate "2014.11.20"]
[SourceQuality "1"]

1. e4 e5 2. Nf3 Nc6 3. Bc4 Bc5 4. d3 h6 5. Nc3 Nf6 6. h3 d6 7. 0-0 0-0 8. Re1 Be6 9. Bxe6 fxe6 10. Na4 Bb4 11. Re3 Qe8 12. Nh2 Nh5 13. c3 Ba5 14. b4 Bb6 15. Nxb6 axb6 16. Rf3 Rxf3 17. Qxf3 Qg6 18. Qg4 Qxg4 19. Nxg4 Nf4 20. Bxf4 exf4 21. f3 Ra3 22. b5 Ne7 23. Nf2 Rxc3 24. Kf1 Ra3 25. Ke2 Ra5 26. a4 c6 27. bxc6 bxc6 28. Nd1 b5 29. Nb2 bxa4 30. Rxa4 Rxa4 31. Nxa4 Kf7 32. Nb6 e5 33. Kd2 Ke6 34. Ke2 d5 35. exd5+ cxd5 36. Na4 Kf5 37. Nc3 g5 38. Kd2 h5 39. Ke2 g4 40. hxg4+ hxg4 41. Kf2 1/2-1/2

[Event "Baden-ch U12"]
[Site "Karlsruhe"]
[Date "2012.01.04"]
[Round "4"]
[White "Riegel, Arinna"]
[Black "Dehm, David"]
[Result "0-1"]
[WhiteElo "1274"]
[BlackElo "1099"]
[PlyCount "90"]
[EventDate "2012.01.03"]
[EventType "swiss"]
[EventRounds "7"]
[EventCountry "GER"]
[SourceTitle "EXT 2015"]
[Source "ChessBase"]
[SourceDate "2014.11.20"]
[SourceVersion "1"]
[SourceVersionDate "2014.11.20"]
[SourceQuality "1"]

1. e4 e5 2. Nf3 Nc6 3. d4 exd4 4. Nxd4 Bc5 5. Be3 Bb6 6. Bc4 Nf6 7. Nc3 0-0 8. 0-0 d6 9. h3 Qe7 10. Nxc6 bxc6 11. Qd3 Be6 12. Bg5 Bxc4 13. Qxc4 c5 14. Nd5 Qe5 15. Bxf6 gxf6 16. Nc3 Rab8 17. b3 Ba5 18. Nd5 c6 19. Ne3 Bc3 20. Rad1 Bd4 21. Nf5 Qxe4 22. Ng3 Qe5 23. Rfe1 Qf4 24. c3 Bxf2+ 25. Kh1 Qxc4 26. bxc4 Bxg3 27. Rf1 Be5 28. Rf3 Rb2 29. a4 Ra2 30. Rfd3 Rxa4 31. Rb1 Rxc4 32. Rc1 Rb8 33. Ra1 Rb3 34. Rc1 Rbxc3 35. Rdxc3 Rxc3 36. Rg1 a5 37. Rf1 a4 38. Rg1 a3 39. Rf1 Rc2 40. Rg1 a2 41. Rf1 a1Q 42. Rxa1 Bxa1 43. Kg1 Re2 44. Kf1 Re8 45. g4 c4 0-1

[Event "GER-ch Net qual2 U14"]
[Site "Playchess.com INT"]
[Date "2011.05.04"]
[Round "5"]
[White "Dehm, David"]
[Black "Haeusler, Luis"]
[Result "0-1"]
[WhiteElo "1376"]
[BlackElo "1283"]
[PlyCount "28"]
[EventDate "2011.05.04"]
[EventType "swiss (blitz)"]
[EventRounds "7"]
[EventCountry "GER"]
[SourceTitle "CBM 142 Extra"]
[Source "ChessBase"]
[SourceDate "2011.06.27"]
[SourceVersion "1"]
[SourceVersionDate "2011.06.27"]
[SourceQuality "1"]

1. e4 c5 2. Nf3 Nc6 3. Nc3 Nf6 4. Bc4 g6 5. d4 cxd4 6. Nxd4 d6 7. 0-0 Bg7 8. Be3 0-0 9. Nxc6 bxc6 10. Bh6 Bxh6 11. f4 Bg7 12. Rf3 Qb6+ 13. Kf1 Ng4 14. Rh3 Ne3+ 0-1

[Event "GER-ch Net qual2 U14"]
[Site "Playchess.com INT"]
[Date "2011.05.04"]
[Round "2"]
[White "Hartewig, Anja"]
[Black "Dehm, David"]
[Result "1-0"]
[WhiteElo "1499"]
[BlackElo "1376"]
[PlyCount "77"]
[EventDate "2011.05.04"]
[EventType "swiss (blitz)"]
[EventRounds "7"]
[EventCountry "GER"]
[SourceTitle "CBM 142 Extra"]
[Source "ChessBase"]
[SourceDate "2011.06.27"]
[SourceVersion "1"]
[SourceVersionDate "2011.06.27"]
[SourceQuality "1"]

1. d4 d5 2. c4 e6 3. Nc3 Nf6 4. cxd5 exd5 5. Bg5 Be7 6. Nf3 Bf5 7. e3 0-0 8. Bd3 Bg4 9. 0-0 Nbd7 10. h3 Bh5 11. Be2 Nb6 12. Qc2 Bg6 13. Bd3 Bxd3 14. Qxd3 Qd6 15. Ne5 c6 16. Rfc1 Qc7 17. Na4 Nxa4 18. b3 Nb6 19. Bf4 Bd6 20. a3 Bxe5 21. Bxe5 Qe7 22. b4 Nbd7 23. Bf4 Ne4 24. b5 cxb5 25. Qxb5 a6 26. Qxb7 Rfb8 27. Qxd5 Nef6 28. Qc4 Rc8 29. Qb4 Qxb4 30. axb4 Rxc1+ 31. Rxc1 g6 32. Rc6 Ne4 33. Rc7 Nb6 34. Rb7 Nc4 35. d5 Rd8 36. Bh6 g5 37. Ra7 Rd6 38. Ra8+ Rd8 39. Rxd8# 1-0

[Event "GER-ch Net qual1 U14"]
[Site "Playchess.com INT"]
[Date "2011.05.01"]
[Round "3"]
[White "Dehm, David"]
[Black "Hartewig, Anja"]
[Result "0-1"]
[WhiteElo "1309"]
[BlackElo "1497"]
[PlyCount "100"]
[EventDate "2011.05.01"]
[EventType "swiss (blitz)"]
[EventRounds "7"]
[EventCountry "GER"]
[SourceTitle "CBM 142 Extra"]
[Source "ChessBase"]
[SourceDate "2011.06.27"]
[SourceVersion "1"]
[SourceVersionDate "2011.06.27"]
[SourceQuality "1"]

1. e4 d6 2. Nf3 Nf6 3. Nc3 g6 4. Bc4 c6 5. 0-0 b5 6. Bb3 b4 7. Ne2 Nxe4 8. d3 Nf6 9. Be3 Bg7 10. Qd2 a5 11. c3 c5 12. cxb4 axb4 13. a3 bxa3 14. bxa3 0-0 15. Bh6 Nc6 16. Bxg7 Kxg7 17. d4 Ba6 18. Rfe1 Ne4 19. Qc2 Nf6 20. dxc5 Rc8 21. Qb2 dxc5 22. Rad1 Qc7 23. a4 Nb4 24. Qa3 Nd3 25. Rf1 Nf4 26. Nxf4 Bxf1 27. Kxf1 Qxf4 28. h3 Qb4 29. Qb2 Rfd8 30. Rc1 Rd3 31. Rb1 Rb8 32. Bc2 Qxb2 33. Rxb2 Rxb2 34. Bxd3 Ra2 35. Ne5 Rxa4 36. Nc6 Ra1+ 37. Ke2 e6 38. Bc4 Rc1 39. Bd3 Nd5 40. Kd2 Rg1 41. g3 Rh1 42. h4 Rh2 43. Ke2 Nc3+ 44. Kd2 Nd5 45. Ke2 Kf6 46. Na5 Nb6 47. Nc6 c4 48. Bb1 Nd5 49. Nb4 Nxb4 50. Bc2 Nxc2 0-1